[Event "Privolzhskogo FO-ch"]
[Site "Kazan"]
[Date "2009.01.29"]
[Round "9"]
[White "Abdullin, Renat"]
[Black "Hojamgulyev, Bahodur"]
[Result "1/2-1/2"]
[WhiteElo "2131"]
[BlackElo "2198"]
[PlyCount "67"]
[EventDate "2009.01.21"]
[EventType "swiss"]
[EventRounds "9"]
[EventCountry "RUS"]
[SourceTitle "EXT 2010"]
[Source "ChessBase"]
[SourceDate "2010.11.25"]
[SourceVersion "1"]
[SourceVersionDate "2010.11.25"]
[SourceQuality "1"]

1. e4 c5 2. Nf3 d6 3. Bb5+ Bd7 4. Bxd7+ Qxd7 5. 0-0 Nc6 6. c3 Nf6 7. d4 cxd4 8. cxd4 Nxe4 9. d5 Nb8 10. Re1 Nf6 11. Bg5 Na6 12. Qd4 Rg8 13. Nbd2 h6 14. Bxf6 gxf6 15. Ne4 Bg7 16. Rad1 f5 17. Nf6+ Kd8 18. Nxd7 Bxd4 19. Nxd4 Kxd7 20. Nxf5 Rge8 21. Nxh6 Rac8 22. Rd2 Rc5 23. Nxf7 Nb4 24. a3 Rxd5 25. Rxd5 Nxd5 26. h4 Rf8 27. Ng5 e5 28. g3 Rc8 29. Kg2 a5 30. h5 Rg8 31. Ne4 Nf4+ 32. Kf3 Nxh5 33. Rh1 Rf8+ 34. Kg4 1/2-1/2

[Event "Sterlitamak op"]
[Site "Sterlitamak"]
[Date "2008.07.02"]
[Round "7"]
[White "Hojamgulyev, Bahodur"]
[Black "Khannanov, Rais"]
[Result "1/2-1/2"]
[WhiteElo "2218"]
[BlackElo "2133"]
[PlyCount "32"]
[EventDate "2008.06.26"]
[EventType "swiss"]
[EventRounds "9"]
[EventCountry "RUS"]
[SourceTitle "EXT 2009"]
[Source "ChessBase"]
[SourceDate "2008.11.26"]
[SourceVersion "1"]
[SourceVersionDate "2008.11.26"]
[SourceQuality "1"]

1. d4 d5 2. Nf3 Nf6 3. e3 c6 4. Bd3 Bg4 5. c4 e6 6. Qb3 Qb6 7. Ne5 Nbd7 8. Nxg4 Nxg4 9. Nc3 Be7 10. Qd1 Ndf6 11. 0-0 0-0 12. b3 Rad8 13. Qe2 e5 14. cxd5 cxd5 15. dxe5 Nxe5 16. Bb2 Nxd3 1/2-1/2

[Event "Sterlitamak op"]
[Site "Sterlitamak"]
[Date "2008.06.27"]
[Round "2"]
[White "Mikhailov, Pavel"]
[Black "Hojamgulyev, Bahodur"]
[Result "1/2-1/2"]
[WhiteElo "1867"]
[BlackElo "2218"]
[PlyCount "77"]
[EventDate "2008.06.26"]
[EventType "swiss"]
[EventRounds "9"]
[EventCountry "RUS"]
[SourceTitle "EXT 2009"]
[Source "ChessBase"]
[SourceDate "2008.11.26"]
[SourceVersion "1"]
[SourceVersionDate "2008.11.26"]
[SourceQuality "1"]

1. d4 Nf6 2. Nf3 g6 3. g3 Bg7 4. Bg2 0-0 5. 0-0 d6 6. b3 c5 7. Bb2 cxd4 8. Nxd4 Qb6 9. c4 Nc6 10. e3 Bg4 11. Qd2 Qc5 12. Nc3 Rac8 13. Rac1 Qh5 14. Nd5 Nxd5 15. cxd5 Ne5 16. f4 Nd7 17. Rxc8 Rxc8 18. Rc1 Nb6 19. Rxc8+ Bxc8 20. Bf3 Bg4 21. Bxg4 Qxg4 22. e4 h5 23. Kg2 h4 24. Nf3 h3+ 25. Kf2 Bxb2 26. Qxb2 Qc8 27. Ke2 Qc5 28. Qd2 f5 29. exf5 gxf5 30. Qe3 Qxe3+ 31. Kxe3 Nxd5+ 32. Kd4 Nf6 33. Ng5 Ng4 34. Kd5 Nxh2 35. Ke6 Nf1 36. Nxh3 Nxg3 37. Kxe7 d5 38. Nf2 Ne2 39. Nd3 1/2-1/2

[Event "Perm"]
[Site "Perm"]
[Date "2008.06.12"]
[Round "2"]
[White "Hojamgulyev, Bahodur"]
[Black "Matveeva, Olga"]
[Result "1-0"]
[WhiteElo "2333"]
[BlackElo "2407"]
[PlyCount "55"]
[EventDate "2008.06.11"]
[EventType "tourn"]
[EventRounds "9"]
[EventCountry "RUS"]
[EventCategory "5"]
[SourceTitle "CBM 125 Extra"]
[Source "ChessBase"]
[SourceDate "2008.09.01"]
[SourceVersion "1"]
[SourceVersionDate "2008.09.01"]
[SourceQuality "1"]

1. d4 Nf6 2. Nf3 g6 3. Bg5 Bg7 4. Nbd2 d5 5. e3 0-0 6. Bd3 c6 7. c4 Nbd7 8. 0-0 Re8 9. h3 Qb6 10. cxd5 cxd5 11. Qc2 Nh5 12. Bh4 e5 13. Nxe5 Nxe5 14. dxe5 Bxe5 15. Nf3 Qxb2 16. Qa4 Bf5 17. Bxf5 gxf5 18. Rab1 Qc3 19. Rxb7 Reb8 20. Qd7 Rxb7 21. Qxb7 Rb8 22. Qxd5 Bc7 23. Qxf5 Ng7 24. Qd5 h6 25. Nd4 a5 26. Nb5 Qe5 27. Nxc7 Qxc7 28. Bf6 1-0

[Event "Perm"]
[Site "Perm"]
[Date "2008.06.11"]
[Round "1"]
[White "Gavryushin, Oleg"]
[Black "Hojamgulyev, Bahodur"]
[Result "1/2-1/2"]
[WhiteElo "2515"]
[BlackElo "2333"]
[PlyCount "21"]
[EventDate "2008.06.11"]
[EventType "tourn"]
[EventRounds "9"]
[EventCountry "RUS"]
[EventCategory "5"]
[SourceTitle "CBM 125 Extra"]
[Source "ChessBase"]
[SourceDate "2008.09.01"]
[SourceVersion "1"]
[SourceVersionDate "2008.09.01"]
[SourceQuality "1"]

1. e4 e5 2. Nf3 Nf6 3. Nxe5 d6 4. Nc4 Nxe4 5. d3 Nf6 6. d4 d5 7. Ne3 Bd6 8. Bd3 0-0 9. 0-0 c6 10. Re1 Re8 11. Nf5 1/2-1/2

[Event "Nezhmetdinov Memorial 30th"]
[Site "Kazan"]
[Date "2008.06.05"]
[Round "5"]
[White "Isajevsky, Anton"]
[Black "Hojamgulyev, Bahodur"]
[Result "1-0"]
[WhiteElo "2440"]
[BlackElo "2256"]
[PlyCount "93"]
[EventDate "2008.06.01"]
[EventType "swiss"]
[EventRounds "9"]
[EventCountry "RUS"]
[SourceTitle "EXT 2009"]
[Source "ChessBase"]
[SourceDate "2008.11.26"]
[SourceVersion "1"]
[SourceVersionDate "2008.11.26"]
[SourceQuality "1"]

1. e4 e5 2. Bc4 Nf6 3. d3 Nc6 4. Nf3 Bc5 5. c3 a6 6. Nbd2 Ba7 7. Bb3 0-0 8. 0-0 h6 9. Re1 d6 10. Nf1 Be6 11. Bc2 d5 12. exd5 Qxd5 13. Bb3 Qd6 14. Bxe6 fxe6 15. Be3 b6 16. d4 exd4 17. Nxd4 Nxd4 18. Bxd4 Rae8 19. Qe2 a5 20. Rad1 Qc6 21. c4 e5 22. Be3 Rd8 23. Ng3 Rxd1 24. Rxd1 Ne4 25. Rd5 Nxg3 26. hxg3 Qg6 27. Rxe5 Qb1+ 28. Kh2 Rd8 29. Rd5 Rxd5 30. cxd5 Qxa2 31. Qb5 Kh7 32. Bf4 Bb8 33. f3 a4 34. Be5 Qb1 35. Qxa4 Qf5 36. Qe4 Qxe4 37. fxe4 g5 38. Kg1 g4 39. Kf1 Kg6 40. Ke2 h5 41. Kd3 Kf7 42. Bf4 Kf6 43. Kc4 Kf7 44. Kb5 h4 45. Kc6 h3 46. gxh3 gxh3 47. g4 1-0

[Event "Nezhmetdinov Memorial 30th"]
[Site "Kazan"]
[Date "2008.06.03"]
[Round "3"]
[White "Kharlov, Andrei"]
[Black "Hojamgulyev, Bahodur"]
[Result "1-0"]
[WhiteElo "2499"]
[BlackElo "2256"]
[PlyCount "41"]
[EventDate "2008.06.01"]
[EventType "swiss"]
[EventRounds "9"]
[EventCountry "RUS"]
[SourceTitle "EXT 2009"]
[Source "ChessBase"]
[SourceDate "2008.11.26"]
[SourceVersion "1"]
[SourceVersionDate "2008.11.26"]
[SourceQuality "1"]

1. d4 g6 2. e4 Bg7 3. Nc3 d6 4. Bg5 c6 5. Qd2 Nd7 6. f4 Qb6 7. Nf3 e5 8. 0-0-0 h6 9. Bh4 exf4 10. Bc4 g5 11. Bxg5 hxg5 12. Nxg5 Nh6 13. Rhf1 Ne5 14. dxe5 Bxe5 15. Rxf4 f6 16. Nf3 Bg4 17. Nxe5 fxe5 18. Rxg4 Nxg4 19. Qxd6 Qe3+ 20. Kb1 Qf4 21. Qg6+ 1-0

[Event "Uljanovsk op"]
[Site "Uljanovsk"]
[Date "2008.02.05"]
[Round "7"]
[White "Hojamgulyev, Bahodur"]
[Black "Malygin, Alexander"]
[Result "1/2-1/2"]
[WhiteElo "2250"]
[BlackElo "2156"]
[PlyCount "160"]
[EventDate "2008.02.01"]
[EventType "swiss"]
[EventRounds "9"]
[EventCountry "RUS"]
[SourceTitle "EXT 2009"]
[Source "ChessBase"]
[SourceDate "2008.11.26"]
[SourceVersion "1"]
[SourceVersionDate "2008.11.26"]
[SourceQuality "1"]

1. e4 e5 2. Nf3 Nf6 3. Nxe5 d6 4. Nf3 Nxe4 5. Nc3 Nf6 6. d4 Be7 7. Bg5 0-0 8. Qd2 c6 9. Bd3 Na6 10. a3 Nc7 11. h3 Re8 12. 0-0 Be6 13. Rfe1 g6 14. Ne4 Nxe4 15. Rxe4 Bxg5 16. Nxg5 Qf6 17. Nxe6 Rxe6 18. Rxe6 Nxe6 19. Qb4 Qxd4 20. Qxb7 Rd8 21. Re1 Qb6 22. Qe7 d5 23. h4 Nf4 24. Qg5 Nxd3 25. cxd3 Rf8 26. Qe5 Qd8 27. h5 Qh4 28. Rc1 Qxh5 29. Qxh5 gxh5 30. Rxc6 Rb8 31. b4 a5 32. bxa5 Rb1+ 33. Kh2 Rb5 34. a6 Ra5 35. Rc8+ Kg7 36. Ra8 Rxa3 37. a7 h4 38. f3 Ra4 39. Kh3 Kf6 40. Rd8 Rxa7 41. Rxd5 Ra4 42. d4 Ra2 43. Rh5 Kg6 44. Rxh4 Rd2 45. Rg4+ Kh6 46. Rf4 Kg6 47. g4 f6 48. Kg3 h5 49. gxh5+ Kxh5 50. Rxf6 Rxd4 51. Rf4 Rd1 52. Rf5+ Kg6 53. Ra5 Rd6 54. Kf4 Rf6+ 55. Ke4 Re6+ 56. Re5 Ra6 57. Kf4 Ra4+ 58. Re4 Ra6 59. Kg4 Kf6 60. Rb4 Kg6 61. f4 Rc6 62. Rb8 Ra6 63. Rg8+ Kf6 64. Rh8 Kg7 65. Rh1 Ra2 66. Kg5 Rg2+ 67. Kf5 Ra2 68. Re1 Kf7 69. Re5 Ra6 70. Rb5 Rf6+ 71. Kg5 Rg6+ 72. Kh5 Rg1 73. Rb6 Rg2 74. Rb5 Rg1 75. Rg5 Rxg5+ 76. Kxg5 Kg7 77. Kf5 Kf7 78. Kg5 Kg7 79. f5 Kf7 80. f6 Kf8 1/2-1/2

[Event "Kazan Region-ch 6th"]
[Site "Kazan"]
[Date "2008.01.28"]
[Round "6"]
[White "Gabdrakhmanov, Rafail"]
[Black "Hojamgulyev, Bahodur"]
[Result "1/2-1/2"]
[WhiteElo "2413"]
[BlackElo "2250"]
[PlyCount "74"]
[EventDate "2008.01.23"]
[EventType "swiss"]
[EventRounds "9"]
[EventCountry "RUS"]
[SourceTitle "CBM 122 Extra"]
[Source "ChessBase"]
[SourceDate "2008.03.04"]
[SourceVersion "1"]
[SourceVersionDate "2008.03.04"]
[SourceQuality "1"]

1. c4 d6 2. d4 g6 3. Nc3 Bg7 4. g3 Nf6 5. Bg2 0-0 6. e3 Nc6 7. Nge2 e5 8. h3 a6 9. b3 Bf5 10. d5 Ne7 11. e4 Bc8 12. Bg5 Nd7 13. Qd2 f6 14. Be3 f5 15. f3 b5 16. cxb5 axb5 17. g4 b4 18. Na4 fxe4 19. fxe4 Ba6 20. Qxb4 Nxd5 21. exd5 e4 22. Kd2 Qh4 23. Rae1 Rfb8 24. Qxe4 Nc5 25. Nxc5 dxc5 26. d6 Rd8 27. Qe6+ Kh8 28. Bxa8 Rxd6+ 29. Qxd6 cxd6 30. Rhf1 Qd8 31. Bd5 Qa5+ 32. Kd1 c4 33. Bxc4 Bxc4 34. bxc4 Qa4+ 35. Kd2 Qxa2+ 36. Kd3 Qb3+ 37. Kd2 Qb2+ 1/2-1/2

[Event "Kazan Region-ch 6th"]
[Site "Kazan"]
[Date "2008.01.23"]
[Round "1"]
[White "Hojamgulyev, Bahodur"]
[Black "Khismatullin, Denis Rimovich"]
[Result "0-1"]
[WhiteElo "2250"]
[BlackElo "2564"]
[PlyCount "46"]
[EventDate "2008.01.23"]
[EventType "swiss"]
[EventRounds "9"]
[EventCountry "RUS"]
[SourceTitle "CBM 122 Extra"]
[Source "ChessBase"]
[SourceDate "2008.03.04"]
[SourceVersion "1"]
[SourceVersionDate "2008.03.04"]
[SourceQuality "1"]

1. d4 Nf6 2. Nf3 e6 3. Bg5 h6 4. Bh4 c5 5. e3 cxd4 6. exd4 b6 7. Nbd2 Be7 8. Bd3 0-0 9. c3 Bb7 10. Bxf6 Bxf6 11. Qe2 Nc6 12. 0-0 Rb8 13. Ne4 Be7 14. Ng3 Re8 15. Qe4 g6 16. Qf4 Bf8 17. h4 Ne7 18. Ne4 Nf5 19. Ne5 d6 20. Ng4 Bg7 21. Rad1 Qxh4 22. Ng3 Kh8 23. Ne2 g5 0-1

[Event "Nezhmetdinov Memorial 29th"]
[Site "Kazan"]
[Date "2007.06.01"]
[Round "1"]
[White "Alavkin, Arseny Nailievich"]
[Black "Hojamgulyev, Bahodur"]
[Result "1/2-1/2"]
[WhiteElo "2493"]
[BlackElo "2175"]
[PlyCount "61"]
[EventDate "2007.06.01"]
[EventType "swiss"]
[EventRounds "9"]
[EventCountry "RUS"]
[SourceTitle "CBM 119 Extra"]
[Source "ChessBase"]
[SourceDate "2007.09.04"]
[SourceVersion "1"]
[SourceVersionDate "2007.09.04"]
[SourceQuality "1"]

1. e4 c5 2. Nf3 e6 3. b3 d5 4. exd5 exd5 5. Bb2 Nf6 6. Bb5+ Bd7 7. Qe2+ Qe7 8. Ne5 a6 9. Nxd7 Nbxd7 10. Qxe7+ Bxe7 11. Be2 0-0 12. Bf3 Bd6 13. 0-0 Ne5 14. Bd1 Rfe8 15. h3 Re6 16. f4 Nc6 17. f5 Re7 18. Bxf6 gxf6 19. Nc3 Be5 20. Bf3 Nb4 21. Rfc1 Rd8 22. a3 Nc6 23. Rab1 Nd4 24. Kf2 Nxf5 25. g4 Bd4+ 26. Kf1 Ng3+ 27. Kg2 Bxc3 28. Kxg3 Bxd2 29. Rd1 Bc3 30. Rxd5 Rxd5 31. Bxd5 1/2-1/2

[Event "Ufa op"]
[Site "Ufa"]
[Date "2006.??.??"]
[Round "10"]
[White "Hojamgulyev, Bahodur"]
[Black "Idrisov, Rustem"]
[Result "1-0"]
[WhiteElo "2175"]
[BlackElo "2100"]
[PlyCount "87"]
[EventDate "2006.??.??"]
[EventType "swiss"]
[EventRounds "11"]
[EventCountry "RUS"]
[SourceTitle "EXT 2008"]
[Source "ChessBase"]
[SourceDate "2007.11.25"]
[SourceVersion "1"]
[SourceVersionDate "2007.11.25"]
[SourceQuality "1"]

1. e4 c5 2. c3 d5 3. exd5 Qxd5 4. d4 e6 5. Nf3 Nf6 6. Bd3 Be7 7. 0-0 c4 8. Bc2 0-0 9. Bg5 Nc6 10. Qe2 b5 11. a4 Bb7 12. axb5 Qxb5 13. Nbd2 Na5 14. Ne5 Qxb2 15. Bxf6 gxf6 16. Ndxc4 Nxc4 17. Qd3 Qxc2 18. Qxc2 fxe5 19. Qe2 Bd5 20. Ra6 Kh8 21. Ra4 Rg8 22. f3 Rgc8 23. Rb1 exd4 24. cxd4 Bf6 25. Qd3 Nd6 26. Qd2 Nf5 27. Qf4 Bg7 28. Qd2 Rc7 29. Kf2 Rac8 30. Rb2 Bh6 31. f4 Bg7 32. Ke2 Bxg2 33. Rab4 Bd5 34. Kd1 Bf3+ 35. Ke1 Rc1+ 36. Kf2 Bd5 37. Ke2 Bc4+ 38. Kf3 Bxd4 39. Rb8 Bd5+ 40. Ke2 Bc4+ 41. Kf3 Bd5+ 42. Ke2 Bxb2 43. Qxb2+ Kg8 44. Kd3 1-0